000 00871cab a2200265 4500
001 ABS58427
008 090401t1998 xxu||||| |||| 00| 0 eng d
035 _a(Sirsi) u84713
041 _aeng
100 _aBond, R.
245 _aBusiness as usual?
260 _c1998
350 _a0
490 _aSurveyor
_v19 February 1998, 18-20(3)
520 _aInvestigates attempts by Bristol and Coventry to persuade businesses in their city centres to pay an extra levy to fund the cost of better services to attract more customers and stem the loss of trade to out of town shopping centres.
650 _aBRISTOL
650 _aBUSINESS IMPROVEMENT DISTRICTS
650 _aCOVENTRY
650 _aPUBLIC PRIVATE PARTNERSHIPS
650 _aTOWN CENTRE MANAGEMENT
650 _aTOWN CENTRES
690 _aECONOMIC AND SOCIAL
942 _n0
948 _c05/03/1998
999 _c53273
_d53273